| 000 | 00693nam a2200169 i 4500 | ||
|---|---|---|---|
| 001 | 46954 | ||
| 003 | ES-MaACL | ||
| 005 | 20230906161456.0 | ||
| 007 | t| | ||
| 008 | 030402 1951 sp ||||1| spa d | ||
| 245 | 0 | 0 |
_aContabilidad de las Sociedades Anónimas _b: texto especialmente preparado para cátedra a distancia / _c[Traducción y adaptación al español por el Departamento de Estudios del Centro Español de Enseñanza por Correspondencia. |
| 250 | _a1ª ed. | ||
| 260 |
_aMadrid : _bEscuelas Internacionales, _c[1951?] ( _fLanga y Cia) |
||
| 300 |
_a89 p. ; _c23 cm. |
||
| 710 | 2 |
_aCentro Español de Enseñanza por Correspondencia. _92729 |
|
| 852 |
_aES-MaACL _j1933-F-12 _bR.32638 |
||
| 999 |
_c46954 _d46954 |
||